01417nam a2200265 a 4500001001000000005001700010008004100027041000800068044000800076084002000084100004500104245014500149260003900294300001700333500042100350500007300771500001100844546002400855650005200879650005600931650003400987650004401021700003601065740005001101BRCA_334420190320204233.0250309s1885----enk#---###---#000-0#eng-# aeng aenk a638b.S65c18851 aCervantes Saavedra, Miguel ded1547-161610aThe Ingenious Gentleman Don Quixote of la ManchacBy Miguel de Cervantes Saavedra; A Translation with Introduction and Notes by John Ormsby. aLondresbElder Smith and Co.c1885 a4 v.c23 cm. aContenido : v.1. Primera parte. Mapa del centro de España. Prefacio. Noticia sobre Cervantes. Introducción de Quijote por J. Ormsby. Prólogo del autor. Versos preliminares. Notas. -- v.2. Primera parte. Texto. Notas. -- v.3. Segunda parte. Prólogo del autor. Notas. -- v.4. Segunda parte. Texto. Apéndices: I. Proverbios de Don Quijote II. Libros de caballería españoles III. Bibliografía del Quijote aEjemplar por completo igual al anterior [637]. Tela Lúdovik Osterc aQM485A aTexto en : inglés14aNovela españolayÉpoca clásica, 1500-170014aLiteratura españolayÉpoca clásica, 1500-170014aNovela españolaySiglo XVII14aDon Quijote (Personaje fictico)eNovela1 aOrmsby, Johnd1829-1895eEditor0 aEl Ingenioso Hidalgo Don Quijote de la Mancha